Linux / M. Drew Streib (Registro nro. 18315)
[ vista simple ]
| 000 -LÍDER | |
|---|---|
| fixed length control field | 00475nam a2200157 4500 |
| 008 - ELEMENTOS DE LONGITUD FIJA -- INFORMACIÓN GENERAL | |
| fixed length control field | 0 2000 0ant 000 0ESP |
| 020 ## - NÚMERO INTERNACIONAL NORMALIZADO PARA LIBROS | |
| ISBN | 84-205-2951-6 |
| 050 ## - SIGNATURA TOPOGRAFICA DE LA BIBLIOTECA DEL CONGRESO (LC) | |
| Número de Clasificación | QA76.76.O63 S723 2000 |
| 082 ## - NUMERO DE CLASIFICACION DECIMAL DEWEY | |
| Número de Clasificación | 005.432 S914l |
| 100 ## - ASIENTO PRINCIPAL--NOMBRE PERSONAL | |
| Nombre personal | Streib, M. Drew |
| 245 ## - TÍTULO | |
| Título | Linux / M. Drew Streib |
| 260 ## - PUBLICACIÓN, DISTRIBUCIÓN, ETC. (PIE DE IMPRENTA) | |
| Lugar de publicación, distribución, etc. | Madrid, España : Pearson educación |
| 300 ## - DESCRIPCIÓN FÍSICA | |
| Extensión | xxiv, 704 p. / 24 cm. |
| 440 ## - | |
| -- | Serie práctica Linux |
| 650 ## - ASIENTO SECUNDARIO DE MATERIA - TERMINO TEMÁTICO | |
| Término temático o nombre geográfico como elemento de entrada | 1.LINUX \ 2.SISTEMAS OPERATIVOS (COMPUTADORAS) |
| No. biblioteca | No. biblioteca | Número de clasificación | Código de barras/Número de adquisición | Número de copia | Tipo de material |
|---|---|---|---|---|---|
| LUIS G. INCLAN | LUIS G. INCLAN | 005.432 S914l | 44099 | 1 | Libros |
